000 00816nam a2200193 a 4500
001 000028791
003 AM-YEHGA
005 20250618070922.0
008 010110s1931 xxuai 0 0 arm u arm
040 _aAM-YeHGA
041 0 _aarm
245 0 0 _aՊոլիտեխնիկական I համագումարի բանաձևերը :
_b(Ընդունված համագումարի յեզրափակման նիստին-1930 թ. 16 ոգոստոսի) /
_cԼուսժողկոմատի ուսումնամեթոդ. սեկտոր.
260 _aՅերեվան :
_bՊետհրատ,
_c1931.
300 _a123 էջ
650 1 4 _aԼուսավորություն։ Ժողովրդական կրթություն
_94955
710 2 _aԼուսժողկոմատի ուսումնամեթոդական սեկտոր
942 _2udc
_cBK
090 _c12885
999 _c12785
_d12785